Analýza produktivity zamestnanca v krajoch Slovenska na základe pyramidálneho modelu

Pyramidálny model, predstavujúci hierarchicky usporiadanú množinu ukazovateľov spojených multiplikatívnymi väzbami, a jeho využitie pri analýze produktivity zamestnanca. Faktory vplývajúce na produktivitu zamestnanca sú nasledovné: účinnosť kapitálového vstupu, vybavenosť zamestnanca kapitálom, účin...

Ausführliche Beschreibung

Gespeichert in:
Bibliographische Detailangaben
1. Verfasser: Hurbánková, Ľubica, 1980-
Format: Buchkapitel
Sprache:Slowakisch
Schlagworte:
Tags: Tag hinzufügen
Keine Tags, Fügen Sie das erste Tag hinzu!

MARC

LEADER 00000nla a2200000 4500
001 0180721
005 20240502073104.4
041 0 |a slo 
044 |a SK 
245 1 0 |a Analýza produktivity zamestnanca v krajoch Slovenska na základe pyramidálneho modelu  |c Ľubica Hurbánková 
520 |a Pyramidálny model, predstavujúci hierarchicky usporiadanú množinu ukazovateľov spojených multiplikatívnymi väzbami, a jeho využitie pri analýze produktivity zamestnanca. Faktory vplývajúce na produktivitu zamestnanca sú nasledovné: účinnosť kapitálového vstupu, vybavenosť zamestnanca kapitálom, účinnosť pracovného vstupu a jednotkové náklady práce. Zozbierané údaje za jednotlivé kraje Slovenska predstavujú roky 2005 a 2010. 
610 2 0 |a produktivita 
610 2 0 |a Slovensko 
610 2 0 |a zamestnanci 
610 2 0 |a analýza pyramídová 
610 2 0 |a kraje 
100 1 |a Hurbánková, Ľubica, 1980-